000 00653nam a2200277Ia 4500
005 20260324120225.0
008 008 260324s9999 xx 000 0 eng d
020 _a9781315795638
037 _aEBOOK
040 _aCRL
040 _beng
040 _cCRL
041 _2eng
041 _aeng
084 _qCRL
100 _aJay Mitra; John Edmondson
_91157719
245 0 _aEntrepreneurship and Knowledge Exchange
260 _bTaylor and Francis
260 _c2015
365 _a
365 _b265
856 _uhttp://www.taylorfrancis.com/books/9781315795638
942 _cEBOOK
999 _c1749136
_d1749136